书目信息 |
| 题名: |
领导人
|
|
| 作者: | 理查德 著 ;白玫 译 | |
| 分册: | ||
| 出版信息: | 北京 新华出版社 1984 |
|
| 页数: | 441页 | |
| 开本: | 19cm | |
| 丛书名: | ||
| 单 册: | ||
| 中图分类: | D50 | |
| 科图分类: | ||
| 主题词: | 政治家--生平事迹--世界--现代 , 国际政治 | |
| 电子资源: | ||
| ISBN: | ||
| 000 | 00693nam0 2200253 45 | |
| 001 | 0184002338 | |
| 005 | 20060522090659.29 | |
| 010 | @dCNY1.50 | |
| 091 | @a3203.030 | |
| 100 | @a19950703d1984 em y0chiy0121 ea | |
| 101 | 0 | @achi@ceng |
| 102 | @aCN@b110000 | |
| 105 | @ay z 000yc | |
| 200 | 10 | @a领导人@Aling dao ren@f(美)尼克松·理查德著@F(mei)ni ke song·li cha de zhu@g白玫译 |
| 210 | @a北京@c新华出版社@d1984 | |
| 215 | @a441页@d19cm | |
| 606 | @a政治家@x生平事迹@y世界@z现代 | |
| 606 | 0 | @a国际政治 |
| 690 | @aD50@v3 | |
| 701 | 0 | @a理查德@Ali cha de@4著 |
| 702 | 0 | @a白玫@Abai mei@4译 |
| 801 | 2 | @aCN@bNLC@c20060522 |
| 801 | 0 | @aCN@b上海图书馆@c20040421 |
| 905 | @dD50@e23 | |
| 领导人/(美)尼克松·理查德著/白玫译.-北京:新华出版社,1984 |
| 441页;19cm |
| ISBN :CNY1.50 |
| ● |
| 相关链接 |
|
|
|
|
正题名:领导人
索取号:D50/23
 
预约/预借
| 序号 | 登录号 | 条形码 | 馆藏地/架位号 | 状态 | 备注 |
| 1 | 0138336 | 202362004 | 密集书库/ [索取号:D50/23] | 在馆 | |
| 2 | 0138337 | 001741663 | 密集书库/ [索取号:D50/23] | 在馆 | |
| 3 | 0138338 | 001741627 | 密集书库/ [索取号:D50/23] | 在馆 | |
| 4 | 0138339 | 001741707 | 密集书库/ [索取号:D50/23] | 在馆 | |
| 5 | 0218191 | 001582656 | 第一样本阅览室/ [索取号:D50/23] | 在馆 | |
| 6 | 0218192 | 001582709 | 第一借阅区/ [索取号:D50/23] | 在馆 |